000 00589nam a2200229Ia 4500
001 18464
003 GE_BSU
008 181216s||||||||xx |||||||||||||| ||und||
020 _a9781582088701
040 _cGE_BSU
080 _a658
100 _aFigler, Howard., Nelson Bolles,R.
245 4 _aThe career counselor's Handbook
250 _aSecond edition
260 _aBerkeley
260 _bTen Speed Press
260 _c2007
300 _a308p. 23cm.
653 _aThe career counselor's Handbook
653 _aკარიერა, სამსახური
942 _cBK
999 _c51478
_d51478